Rubin's pathology : (Record no. 75)

000 -LEADER
fixed length control field 02345cam a2200445 i 4500
001 - CONTROL NUMBER
control field 18131867
003 - CONTROL NUMBER IDENTIFIER
control field OSt
005 - DATE AND TIME OF LATEST TRANSACTION
control field 20241031111234.0
008 - FIXED-LENGTH DATA ELEMENTS--GENERAL INFORMATION
fixed length control field 140425s2015 paua b 001 0 eng
010 ## - LIBRARY OF CONGRESS CONTROL NUMBER
LC control number 2014016625
020 ## - INTERNATIONAL STANDARD BOOK NUMBER
International Standard Book Number 9781451183900 (alk. paper)
035 ## - SYSTEM CONTROL NUMBER
System control number (DNLM)101631303
040 ## - CATALOGING SOURCE
Original cataloging agency DNLM/DLC
Transcribing agency DLC
Description conventions rda
Modifying agency DLC
042 ## - AUTHENTICATION CODE
Authentication code pcc
050 00 - LIBRARY OF CONGRESS CALL NUMBER
Classification number RB111
Item number .E856 2015
060 10 - NATIONAL LIBRARY OF MEDICINE CALL NUMBER
Classification number QZ 4
080 ## - UNIVERSAL DECIMAL CLASSIFICATION NUMBER
Universal Decimal Classification number 616
Item number R-88
082 00 - DEWEY DECIMAL CLASSIFICATION NUMBER
Classification number 616.07
Edition number 23
100 ## - MAIN ENTRY--PERSONAL NAME
9 (RLIN) 111
Personal name Strayer, S. David
Relator term Editor
245 00 - TITLE STATEMENT
Title Rubin's pathology :
Remainder of title clinicopathologic foundations of medicine /
Statement of responsibility, etc. Editors, Raphael Rubin, M.D., Professor of Pathology, David S. Strayer, M.D., Ph.D., Professor of Pathology, Department of Pathology and Cell Biology, Jefferson Medical College of Thomas Jefferson University Philadelphia, Pennsylvania ; Founder and Consulting Editor, Emanuel Rubin, M.D., Gonzalo Aponte Distinguished Professor of Pathology, Chairman Emeritus of the Department of Pathology and Cell Biology, Jefferson Medical College of Thomas Jefferson University, Philadelphia, Pennsylvania; Associate Editors, Jeffrey E. Saffitz, MD, PhD, Mallinckrodt Professor of Medicine, Harvard Medical School, Chairman, Department of Pathology, Beth Israel Deacones Medical Center, Boston, Massachusetts, Alan L. Schiller, MD, Professor and Chairman, Department of Pathology, John A. Burns School of Medicine University of Hawaii, Honolulu, Hawaii.
246 1# - VARYING FORM OF TITLE
Title proper/short title Pathology :
Remainder of title clinicopathologic foundations of medicine
250 ## - EDITION STATEMENT
Edition statement Seventh edition.
260 ## - PUBLICATION, DISTRIBUTION, ETC.
Place of publication, distribution, etc. Philadelphia
Name of publisher, distributor, etc. Wolters Kluwer Health,
Date of publication, distribution, etc. [2015]
264 #1 - PRODUCTION, PUBLICATION, DISTRIBUTION, MANUFACTURE, AND COPYRIGHT NOTICE
Place of production, publication, distribution, manufacture :
300 ## - PHYSICAL DESCRIPTION
Extent xiii, 1602 pages :
Other physical details color illustrations ;
Dimensions 29 cm
336 ## - CONTENT TYPE
Content type term text
Source rdacontent
337 ## - MEDIA TYPE
Media type term unmediated
Source rdamedia
338 ## - CARRIER TYPE
Carrier type term volume
Source rdacarrier
365 ## - TRADE PRICE
Price amount 49.32 usd
504 ## - BIBLIOGRAPHY, ETC. NOTE
Bibliography, etc. note Includes bibliographical references and index.
650 12 - SUBJECT ADDED ENTRY--TOPICAL TERM
Topical term or geographic name entry element Pathologic Processes.
653 ## - INDEX TERM--UNCONTROLLED
Uncontrolled term პათოლოგია
700 1# - ADDED ENTRY--PERSONAL NAME
Personal name Strayer, David S.
Fuller form of name (David Sheldon),
Dates associated with a name 1949-
Relator term editor.
700 1# - ADDED ENTRY--PERSONAL NAME
Personal name Rubin, Emanuel,
Dates associated with a name 1928-
Relator term editor.
700 1# - ADDED ENTRY--PERSONAL NAME
Personal name Saffitz, Jeffrey E.,
Relator term editor.
700 1# - ADDED ENTRY--PERSONAL NAME
Personal name Schiller, Alan L.,
Relator term editor.
906 ## - LOCAL DATA ELEMENT F, LDF (RLIN)
a 7
b cbc
c orignew
d 1
e ecip
f 20
g y-gencatlg
942 ## - ADDED ENTRY ELEMENTS (KOHA)
Source of classification or shelving scheme
Koha item type Books
Edition 7
Holdings
Withdrawn status Lost status Source of classification or shelving scheme Damaged status Not for loan Permanent location Current location Date acquired Inventory number Full call number Barcode Date last seen Price effective from Koha item type
          Ken Walker International University Ken Walker International University 11/06/2020 94 616 R-88 94 11/06/2020 11/06/2020 Books
          Ken Walker International University Ken Walker International University 11/17/2020 904 616 R-88 904 11/17/2020 11/17/2020 Books

Powered by Koha